000 00749nam a2200229 i 4500
001 130126
003 ES-MaACL
005 20250728191811.0
007 t|
008 070719s1948 sp ||||1| spa d
100 1 _aZweig, Stefan,
_d1881-1942
_9118562
245 1 3 _aEl candelabro enterrado /
_cStefan Zweig ; traducción de Fernando Gutiérrez y Diego Navarro.
250 _a[2ª ed.].
260 _aBarcelona :
_bLara,
_c1948 (
_fIndustrial Gráfica D. E. F. y C.)
300 _a201 p. ;
_c20 cm.
490 1 _aHorizonte
700 1 _aGutiérrez, Fernando,
_d1911-1984
_9156260
700 1 _aNavarro, Diego,
_d1914-1956
_9156258
830 0 _aHorizonte
_9180916
852 _aES-MaACL
_jE-528
_bR.27136
999 _c130126
_d130126